Statistics for Tina Turner Discography

Click here to take the quiz!

General Stats

  • This quiz has been taken 9 times
  • The average score is 7 of 20

Answer Stats

Type Year Name % Correct
Compilation1991Simply the Best
100%
Album1984Private Dancer
100%
Compilation2008Tina! / The Platinum Collection
67%
Album1996Wildest Dreams
67%
Soundtrack1993What's Love Got to Do with It
50%
Album1986Break Every Rule
50%
Album1999Twenty Four Seven
50%
Album1978Rough
33%
Live Album2009Tina Live
33%
Soundtrack1985Mad Max Beyond Thunderdome
33%
Album1989Foreign Affair
33%
Compilation2014Love Songs
17%
Album1975Acid Queen
17%
Live Album1988Tina Live in Europe
17%
Album1979Love Explosion
17%
Compilation1994The Collected Recordings - Sixties to Nineties
0%
Live Album1999Divas Live '99
0%
Compilation2004All the Best
0%
Remix Album1985Private Dance Mixes
0%
Album1974Tina Turns the Country On!
0%

Score Distribution

Percentile by Number Answered

Percent of People with Each Score

Your Score History

You have not taken this quiz